| 000 -LEADER |
| fixed length control field |
00637nam a2200205 a 4500 |
| 020 ## - INTERNATIONAL STANDARD BOOK NUMBER |
| ISBN |
9251021902 |
| 040 ## - CATALOGING SOURCE |
| Transcribing agency |
DLC |
| 082 00 - DEWEY DECIMAL CLASSIFICATION NUMBER |
| Classification number |
633 FOO 1988 A040 Or. |
| 100 1# - MAIN ENTRY--AUTHOR NAME |
| Personal name |
Skerman, P. J. |
| 245 10 - TITLE STATEMENT |
| Title |
Tropical forage legumes / |
| 250 ## - EDITION STATEMENT |
| Edition statement |
2nd ed., rev. and expanded. |
| 260 ## - PUBLICATION, DISTRIBUTION, ETC. (IMPRINT) |
| Place of publication |
Rome : |
| Name of publisher |
Food and Agriculture Organization of the United Nations ; |
| Place of publication |
[Lanham, Md. : |
| Name of publisher |
UNIPUB, USA distributor], |
| Year of publication |
1988. |
| 300 ## - PHYSICAL DESCRIPTION |
| Number of Pages |
692 p., [27] p. of plates : |
| Other physical details |
ill. (some col.), map ; |
| Dimensions |
25 cm. |
| 650 #0 - SUBJECT ADDED ENTRY--TOPICAL TERM |
| Topical Term |
Legumes |
| 650 #0 - SUBJECT ADDED ENTRY--TOPICAL TERM |
| Topical Term |
Forage plants |
| 650 #0 - SUBJECT ADDED ENTRY--TOPICAL TERM |
| Topical Term |
Tropical crops. |
| 700 1# - ADDED ENTRY--PERSONAL NAME |
| Personal name |
Cameron, D. G. |
| 700 1# - ADDED ENTRY--PERSONAL NAME |
| Personal name |
Riveros, Fernando. |
| 942 ## - ADDED ENTRY ELEMENTS (KOHA) |
| Koha item type |
សៀវភៅភាសាអង់គ្លេស |
| 952 ## - LOCATION AND ITEM INFORMATION (KOHA) |
| Withdrawn status [LOCAL, KOHA] |
0 |